000 00305nam a22001337a 4500
008 170310b xxu||||| |||| 00| 0 eng d
020 _a9780683076783
041 _aeng
080 _23RD
_a616-002.77
100 _a7
101 _aSHM
245 _aSOFT TISSUE RHEUMATIC PAIN
_cSHEON, R.P
942 _2udc
_cBK
999 _c7463
_d7463